Imperatori Romani - Statistics

Statistiche generali
  • Questo quiz è stato fatto 206 volte
    203 dall'ultimo reset
  • Il punteggio medio è 13 su 19
Statistiche sulle risposte
Anno Imperatore % Corretto
54-68 d.C. Nerone
97%
27 a.C.-14 d.C. Ottaviano Augusto
97%
37-41 d.C. Caligola
88%
41-54 d.C. Claudio
86%
68-79 d.C. Vespasiano
85%
14-34 d.C. Tiberio
81%
79-81 d.C. Tito
79%
98-117 d.C. Traiano
79%
117-138 d.C. Adriano
78%
161-180 d.C. Marco Aurelio
78%
81-96 d.C. Domiziano
71%
138-161 d.C. Antonino il Pio
62%
211-217 d.C. Caracalla
59%
180-192 d.C. Commodo
58%
193-211 d.C. Settimio Severo
57%
96-98 d.C. Nerva
56%
68-69 d.C. Galba
55%
222-235 d.C. Alessandro Severo
43%
218-222 d.C. Elagabalo
20%
Nessun quiz corrispondente trovato
Distribuzione punteggi
Percentuale di utenti per punteggio
Percentile per numero di risposta
I tuoi punteggi nel tempo
Non hai fatto questo quiz dall'ultimo reset